Measuring biodiversity value for conservation (Registro nro. 9916)

Detalles MARC
000 -CABECERA
Campo de control 005390000a22001690004500
090 ## - CLASIFICACIÓN LOCAL
Colección AR
Consecutivo 00827
041 0# - IDIOMA
Código de idioma para texto/pista de sonido o título separado
100 1# - ASIENTO PRINCIPAL--NOMBRE PERSONAL
Nombre personal Humphries, Cristopher J.
245 10 - MENCION DE TITULO
Título Measuring biodiversity value for conservation
650 14 - ASIENTO SECUNDARIO DE MATERIA - TERMINO TEMATICO
Término temático o nombre geográfico como elemento de entrada Valoración de la biodiversidad
650 14 - ASIENTO SECUNDARIO DE MATERIA - TERMINO TEMATICO
Término temático o nombre geográfico como elemento de entrada Biogeografía
650 14 - ASIENTO SECUNDARIO DE MATERIA - TERMINO TEMATICO
Término temático o nombre geográfico como elemento de entrada Biodiversidad
700 1# - ASIENTO SECUNDARIO - NOMBRE PERSONAL
Nombre personal Williams, Paul H.
700 1# - ASIENTO SECUNDARIO - NOMBRE PERSONAL
Nombre personal Vane Wright, Richard I.
773 1# - Item fuente:
Título Annual Review of Ecology and Systematics
Especificación de materiales 205
Descripción física 26
Paginas del Articulo 93-111
Lugar, editorial y fecha de publicación 1995
Información sobre la relación 26
942 ## - ELEMENTOS ADICIONALES (KOHA)
Tipo de ítem Artículo
Existencias
Withdrawn status Lost status Damaged status No para préstamo Colección Ubicación Permanente Ubicación actual Fecha de adquisición Fuente de Valor Datos de publicación Seriada Total Checkouts Número topográfico Inventario / Código de Barras Date last seen Ejemplar Price effective from Forma de adquisición Tipo de material
      No para Préstamo Hemeroteca Bogotá Bogotá 27/02/2015 Instituto de Ciencias Naturales Fuera de circulación   AR 00827 011149 25/03/2015 1 25/03/2015   Artículo